000 00317nam a22001457a 4500
003 SGT
020 _a9788187496991
082 _a320
_bT10P
100 _aPANITCH, LEO
245 _aTHE CRISIS THIS TIME
260 _aINDIA
_bLEFTWORD BOOKS
_c2010
300 _a323
650 _aPOLITICAL SCIENCE
942 _2ddc
_cBK
999 _c26318
_d26318